Normal view
MARC view
- Supervison Dr Muhammad Tahir Nawaz
Entry Personal Name
001 - CONTROL NUMBER
- control field: 70212
003 - CONTROL NUMBER IDENTIFIER
- control field: NUST
005 - DATE AND TIME OF LATEST TRANSACTION
- control field: 20210628204412.0
008 - FIXED-LENGTH DATA ELEMENTS
- fixed length control field: 210628|| aca||aabn | a|a d
040 ## - CATALOGING SOURCE
- Original cataloging agency: NUST
- Transcribing agency: NUST
100 ## - HEADING--PERSONAL NAME
- Personal name: Supervison Dr Muhammad Tahir Nawaz
670 ## - SOURCE DATA FOUND
- Source citation: Work cat.: (NUST): Waqar Ul Hassan 30106, TH-SOF-1112-INVESTIGATING BEHAVIORAL INTENTIONS TOWARDS ADOPTION OF M-LEARNING IN HEIs OF PAKISTAN by WAQAR UL HASSAN, 2015
